Sports Quiz

Random Sports Quiz

Cricket County Champions Quiz Stats

Quiz not verified by Sporcle

Challenge
Share
Tweet
Embed
Score 0/15 Timer 04:00
0 Plays Today
No. of Wins County % Correct
30Yorkshire
98.5%
7Lancashire
97.5%
18Surrey
95.9%
3Sussex
95.2%
2Durham
93.4%
10Middlesex
91.6%
6Essex
91.1%
6Warwickshire
89.1%
No. of Wins County % Correct
6Nottinghamshire
88.8%
6Kent
87.5%
3Glamorgan
86.8%
3Leicestershire
86.3%
2Hampshire
85.8%
1Derbyshire
85.5%
5Worcestershire
80.9%

You're not logged in!

Compare scores with friends on all Sporcle quizzes.
Join for Free
OR
Log In

You Might Also Like...

Show Comments

Extras

Created Oct 29, 2010ReportNominate
Tags:1890, champion, counties, win

Top Quizzes Today


Score Distribution

Your Account Isn't Verified!

In order to create a playlist on Sporcle, you need to verify the email address you used during registration. Go to your Sporcle Settings to finish the process.

Report this User

Report this user for behavior that violates our Community Guidelines.

Details: